000 00697nam a22002297a 4500
003 UA-OsUOA
001 123502
007 ta
008 20170619b un ||||| |||| 00| 0 ukr d
100 _aІванов Ю. Б.
700 _aШвабій К. І.
090 _a330(477)
_bИ99
942 _cSA
040 _aUA-OsUOA
_bukr
_cUA-OsUOA
_dUA-OsUOA
245 _aНагальні проблеми формування державної податкової політики в України
300 _aС.53-63
955 _a0
041 _aukr
080 _a330(477)
773 0 _w123499
_tФінанси України
_dК.
_d2017
_g5
650 7 _a330 Економіка взагалі
_2UDC
999 _c410565
_d410565